Miryoku teki na nihongo : Jet age Japanese (to enchant a Japanese ear)

This book consists of the following some sections: conversation for study, nite life holiday, and travel.

Сохранить в:
Библиографические подробности
Главный автор: Hooser, Mike
Формат:
Язык:Undetermined
Опубликовано: Tokyo Tokyo, Jiyusha Print. Co. 1970
Предметы:
Метки: Добавить метку
Нет меток, Требуется 1-ая метка записи!
Thư viện lưu trữ: Trung tâm Học liệu Trường Đại học Cần Thơ
LEADER 00700nam a2200217Ia 4500
001 CTU_111183
008 210402s9999 xx 000 0 und d
082 |a 495.6 
082 |b H776 
100 |a Hooser, Mike 
245 0 |a Miryoku teki na nihongo : 
245 0 |b Jet age Japanese (to enchant a Japanese ear) 
245 0 |c Mike Hooser 
260 |a Tokyo 
260 |b Tokyo, Jiyusha Print. Co. 
260 |c 1970 
520 |a This book consists of the following some sections: conversation for study, nite life holiday, and travel. 
650 |a Japanese language 
650 |x Conversation and phrase books 
904 |i Hiếu 
980 |a Trung tâm Học liệu Trường Đại học Cần Thơ